The trial of Socrates /

Shows how profound were the differences between democratic Athens and the philosopher whose martyrdom has made him-thanks to Plato's genius, a secular saint of western civilization.

Bibliographic Details
Main Author: Stone, I. F. (Isidor Feinstein), 1907-1989 (Author)
Format: Book
Language:English
Published: Boston : Little, Brown, [1988].
Edition:First edition.
Subjects:

MARC

Tag First Indicator Second Indicator Subfields
LEADER 00000cam a2200000 i 4500
001 in00000007384
005 20241008153517.0
008 870812t19881988mau b 001 0 eng
010 |a  87022855  
019 |a 59848090  |a 1000875500  |a 1055427241  |a 1182012646  |a 1201002504  |a 1201585631  |a 1201621706  |a 1201806232  |a 1201838691  |a 1201882754  |a 1201963825  |a 1201969615  |a 1201979854  |a 1202020804 
020 |a 0316817589 
020 |a 9780316817585 
020 |a 9780385260329 
020 |a 0385260326 
029 1 |a AU@  |b 000005513841 
029 1 |a AU@  |b 000050474954 
029 1 |a GEBAY  |b 705638 
029 1 |a HEBIS  |b 24583625X 
029 1 |a NZ1  |b 213750 
029 1 |a NZ1  |b 3291973 
029 1 |a YDXCP  |b 207580 
035 |a (OCoLC)ocm16579619  
035 |a (OCoLC)16579619  |z (OCoLC)59848090  |z (OCoLC)1000875500  |z (OCoLC)1055427241  |z (OCoLC)1182012646  |z (OCoLC)1201002504  |z (OCoLC)1201585631  |z (OCoLC)1201621706  |z (OCoLC)1201806232  |z (OCoLC)1201838691  |z (OCoLC)1201882754  |z (OCoLC)1201963825  |z (OCoLC)1201969615  |z (OCoLC)1201979854  |z (OCoLC)1202020804 
035 |a (OCoLC)ocm16579619  
040 |a DLC  |b eng  |e rda  |c DLC  |d BAKER  |d NLGGC  |d IAK  |d BTCTA  |d YDXCP  |d UKV3G  |d GEBAY  |d TXMLI  |d OCLCF  |d ONS  |d TAMSA  |d OCLCQ  |d PHUST  |d OCLCO  |d GRC  |d OCLCQ  |d UEJ  |d OCLCQ  |d ICW  |d BRL  |d CPO  |d JDP  |d OCLCO  |d OCL  |d TZ7  |d TYC  |d OCLCO  |d XFF  |d OCLCA  |d NYHOF  |d OCLCO  |d OCL  |d CAOXN  |d IL4J6  |d TJT  |d OCLCO  |d OCLCQ  |d KPV  |d OCLCO  |d OCLCL  |d NMW 
050 0 0 |a B317  |b .S76 1988 
082 0 0 |a 183/.2  |2 19 
084 |a 08.21  |2 bcl 
096 |a 183.2/S878t 
100 1 |a Stone, I. F.  |q (Isidor Feinstein),  |d 1907-1989,  |e author.  |1 https://id.oclc.org/worldcat/entity/E39PBJjhDx6tj3vJgWYrVQ7JXd 
245 1 4 |a The trial of Socrates /  |c I.F. Stone. 
250 |a First edition. 
264 1 |a Boston :  |b Little, Brown,  |c [1988]. 
264 4 |c ©1988 
300 |a xi, 282 pages ;  |c 24 cm 
336 |a text  |b txt  |2 rdacontent 
337 |a unmediated  |b n  |2 rdamedia 
338 |a volume  |b nc  |2 rdacarrier 
504 |a Includes bibliographical references (pages 249-267) and index. 
505 0 |a Preface: How this book came to be written. -- Socrates and Athens. Their basic differences ; Socrates and Homer ; The clue in the Thersites story ; The nature of virtue and of knowledge ; Courage as virtue ; A wild goose chase: the Socratic search for absolute definitions ; Socrates and rhetoric ; The good life: the third Socratic divergence ; The prejudices of Socrates. -- The ordeal. Why did they wait until he was seventy? ; The three earthquakes ; Xenophon, Plato, and the three earthquakes ; The principal accuser ; How Socrates did his best to antagonize the jury ; How Socrates easily might have won acquittal ; What Socrates should have said ; The four words ; The final question. -- Epilogue: Was there a witch-hunt in ancient Athens? 
520 |a Shows how profound were the differences between democratic Athens and the philosopher whose martyrdom has made him-thanks to Plato's genius, a secular saint of western civilization. 
600 0 0 |a Socrates. 
600 0 0 |a Socrates  |x Trials, litigation, etc. 
650 0 |a Trials (Blasphemy)  |z Greece  |z Athens. 
650 0 |a Capital punishment  |z Greece  |z Athens  |x History. 
600 0 1 |a Socrates. 
600 0 1 |a Socrates  |x Trials, litigation, etc. 
650 4 |a Socrates. 
650 6 |a Procès (Blasphème)  |z Grèce  |z Athènes. 
650 6 |a Peine de mort  |z Grèce  |z Athènes  |x Histoire. 
600 0 7 |a Socrates  |2 fast  |1 https://id.oclc.org/worldcat/entity/E39PBJcKKJThj8bvDg46GtCG73 
650 7 |a Prozess  |2 gnd 
600 0 7 |a Socrates  |v Trials, litigation, etc.  |2 nli 
600 0 7 |a Socrates  |x Biography  |x Last years.  |2 nli 
650 7 |a Socrates.  |2 sears 
600 1 7 |a Socrates.  |2 swd 
655 7 |a Trial and arbitral proceedings  |2 fast 
655 7 |a Trials, litigation, etc.  |2 fast 
655 7 |a Trial and arbitral proceedings.  |2 lcgft 
655 7 |a Comptes rendus de procès et d'arbitrage.  |2 rvmgf 
938 |a Baker & Taylor  |b BKTY  |c 18.95  |d 14.21  |i 0316817589  |n 0001213462  |s active 
938 |a Baker and Taylor  |b BTCP  |n 87022855 //r89 
938 |a YBP Library Services  |b YANK  |n 207580 
948 |h HELD BY TXA - 2111 OTHER HOLDINGS 
994 |a Z0  |b TXA 
999 f f |s 42b53e92-82f3-3558-990b-ead94280a69a  |i 14f20e44-0f2c-3c7c-9a99-ddbe0c4381a2  |t 0 
952 f f |p noncirc  |a Texas A&M University  |b J.J. Pickle Campus  |c High Density Repository  |d Remote Storage  |t 0  |e B317 .S76 1988  |h Library of Congress classification  |i unmediated -- volume  |m A14853203979 
952 f f |p normal  |a Texas A&M University  |b College Station  |c Sterling C. Evans Library  |d Evans: Library Stacks  |t 0  |e B317 .S76 1988  |h Library of Congress classification  |i unmediated -- volume  |m A14812579371 
998 f f |a B317 .S76 1988  |t 0  |l Evans: Library Stacks 
998 f f |a B317 .S76 1988  |t 0  |l Remote Storage